[Event "SLO-chT3 West"]
[Site "Otocec"]
[Date "2016.11.26"]
[Round "2"]
[White "Kobe, Uros"]
[Black "Kozarski, Aleksander"]
[Result "1-0"]
[WhiteElo "2058"]
[BlackElo "1477"]
[PlyCount "41"]
[EventDate "2016.11.25"]
[EventType "team-tourn"]
[EventRounds "5"]
[EventCountry "SLO"]
[SourceTitle "EXT 2022"]
[Source "ChessBase"]
[SourceDate "2021.10.06"]
[SourceVersion "1"]
[SourceVersionDate "2021.10.06"]
[SourceQuality "1"]

1. e4 e5 2. f4 d5 3. exd5 e4 4. d3 Qxd5 5. c4 Bb4+ 6. Bd2 Bxd2+ 7. Qxd2 Qd4 8. dxe4 Qxe4+ 9. Ne2 Bg4 10. Nbc3 Qe6 11. 0-0-0 Nc6 12. h3 Bxe2 13. Bxe2 Nge7 14. Nd5 Qd6 15. Qe3 0-0 16. Nb6 Nf5 17. Qf2 Ncd4 18. Nxa8 Qc5 19. Kb1 Rxa8 20. g4 Re8 21. gxf5 1-0

[Event "SLO-chT3 West"]
[Site "Otocec"]
[Date "2016.11.26"]
[Round "3"]
[White "Trussevich, Simon"]
[Black "Kobe, Uros"]
[Result "0-1"]
[WhiteElo "1343"]
[BlackElo "2058"]
[PlyCount "80"]
[EventDate "2016.11.25"]
[EventType "team-tourn"]
[EventRounds "5"]
[EventCountry "SLO"]
[SourceTitle "EXT 2022"]
[Source "ChessBase"]
[SourceDate "2021.10.06"]
[SourceVersion "1"]
[SourceVersionDate "2021.10.06"]
[SourceQuality "1"]

1. d4 Nf6 2. c4 d5 3. cxd5 g6 4. Nc3 Nxd5 5. e4 Nxc3 6. bxc3 Bg7 7. Nf3 c5 8. Be3 Qa5 9. Qb3 0-0 10. Be2 cxd4 11. Bxd4 e5 12. Be3 Be6 13. Qb4 Nc6 14. Qxa5 Nxa5 15. 0-0 Nc4 16. Bxc4 Bxc4 17. Rfd1 b6 18. a4 Bb3 19. Rd7 Rfd8 20. Re7 Bf6 21. Rc7 Bxa4 22. h3 Rd1+ 23. Rxd1 Bxd1 24. Ng5 Bd8 25. Rb7 Bb3 26. Nf3 f6 27. Nd2 Be6 28. Bh6 a5 29. Nb1 Rc8 30. Kh2 g5 31. g4 Bc7 32. Na3 Bd7 33. Nc4 Bc6 34. Ra7 Bxe4 35. Kg3 Bd5 36. Nd6 Bxd6 37. Rd7 Bf8 38. Bxf8 Kxf8 39. Rxd5 Rxc3+ 40. Kg2 Ke7 0-1

[Event "SLO-chT1 West"]
[Site "Ljubljana"]
[Date "2015.10.18"]
[Round "3"]
[White "Furlan, Miha"]
[Black "Kobe, Uros"]
[Result "1-0"]
[WhiteElo "2318"]
[BlackElo "2114"]
[PlyCount "49"]
[EventDate "2015.10.16"]
[EventType "team-tourn"]
[EventRounds "9"]
[EventCountry "SLO"]
[SourceTitle "EXT 2019"]
[Source "ChessBase"]
[SourceDate "2018.10.10"]
[SourceVersion "1"]
[SourceVersionDate "2018.10.10"]
[SourceQuality "1"]
[WhiteTeam "Trebnje BMP"]
[BlackTeam "Stari Trg op Kolpi"]
[WhiteTeamCountry "SLO"]
[BlackTeamCountry "SLO"]

1. e4 e6 2. d4 d5 3. Nc3 Bb4 4. e5 c5 5. a3 Bxc3+ 6. bxc3 Qc7 7. Qg4 Ne7 8. Bd3 cxd4 9. Ne2 dxc3 10. Qxg7 Rg8 11. Qxh7 Nbc6 12. Bf4 Bd7 13. 0-0 0-0-0 14. Bg3 Nxe5 15. Qh4 Nf5 16. Bxf5 exf5 17. Qd4 Rde8 18. Kh1 Rg4 19. Qd1 Qc4 20. Rb1 Bb5 21. Re1 Nc6 22. Nxc3 Nd4 23. Nxb5 Rxe1+ 24. Qxe1 Re4 25. Nd6+ 1-0

[Event "SLO-chT1 West"]
[Site "Ljubljana"]
[Date "2015.10.17"]
[Round "2"]
[White "Kobe, Uros"]
[Black "Debevec, Blaz"]
[Result "1/2-1/2"]
[WhiteElo "2114"]
[BlackElo "2149"]
[PlyCount "45"]
[EventDate "2015.10.16"]
[EventType "team-tourn"]
[EventRounds "9"]
[EventCountry "SLO"]
[SourceTitle "EXT 2019"]
[Source "ChessBase"]
[SourceDate "2018.10.10"]
[SourceVersion "1"]
[SourceVersionDate "2018.10.10"]
[SourceQuality "1"]
[WhiteTeam "Stari Trg op Kolpi"]
[BlackTeam "Komenda"]
[WhiteTeamCountry "SLO"]
[BlackTeamCountry "SLO"]

1. e4 e5 2. f4 exf4 3. Nf3 f5 4. exf5 d5 5. d4 Bd6 6. Bd3 Qf6 7. 0-0 Ne7 8. Ne5 0-0 9. Bxf4 Nbc6 10. Ng4 Qxd4+ 11. Be3 Qxb2 12. Nd2 Bxf5 13. Rb1 Qxa2 14. Bxf5 Nxf5 15. Rxf5 Rxf5 16. Nh6+ gxh6 17. Qg4+ Rg5 18. Bxg5 hxg5 19. Qxg5+ Kh8 20. Qf6+ Kg8 21. Qg5+ Kh8 22. Qf6+ Kg8 23. Qg5+ 1/2-1/2

[Event "SLO-chT1 West"]
[Site "Ljubljana"]
[Date "2015.10.16"]
[Round "1"]
[White "Rusjan, Miran"]
[Black "Kobe, Uros"]
[Result "1-0"]
[WhiteElo "2244"]
[BlackElo "2114"]
[PlyCount "67"]
[EventDate "2015.10.16"]
[EventType "team-tourn"]
[EventRounds "9"]
[EventCountry "SLO"]
[SourceTitle "EXT 2019"]
[Source "ChessBase"]
[SourceDate "2018.10.10"]
[SourceVersion "1"]
[SourceVersionDate "2018.10.10"]
[SourceQuality "1"]
[WhiteTeam "Nova Gorica"]
[BlackTeam "Stari Trg op Kolpi"]
[WhiteTeamCountry "SLO"]
[BlackTeamCountry "SLO"]

1. d4 Nf6 2. c4 d5 3. cxd5 Nxd5 4. e4 Nf6 5. Nc3 Bg4 6. f3 Bh5 7. Bc4 Nc6 8. Bb5 a6 9. Bxc6+ bxc6 10. Nge2 e6 11. Be3 Rb8 12. b3 Ba3 13. 0-0 0-0 14. Qd3 Qc8 15. Qc4 Qb7 16. Rad1 Rfd8 17. Nb1 Be7 18. Rc1 c5 19. dxc5 e5 20. c6 Qb5 21. Ng3 Bg6 22. Qxb5 Rxb5 23. Rfd1 Kf8 24. Rxd8+ Bxd8 25. Nc3 Rb8 26. Na4 Be7 27. Nf1 Ng8 28. Nc5 Bxc5 29. Rxc5 Ne7 30. Rxe5 Nxc6 31. Rc5 Nb4 32. a3 Nd3 33. Rc3 Nb2 34. Bc1 1-0

[Event "SLO-chT2 West"]
[Site "Ljubljana"]
[Date "2014.11.08"]
[Round "7.4"]
[White "Sivcevic, Nusret"]
[Black "Kobe, Uros"]
[Result "1-0"]
[WhiteElo "1843"]
[BlackElo "2119"]
[PlyCount "109"]
[EventDate "2014.10.17"]
[EventType "team-tourn"]
[EventRounds "9"]
[EventCountry "SLO"]
[SourceTitle "EXT 2019"]
[Source "ChessBase"]
[SourceDate "2018.10.10"]
[SourceVersion "1"]
[SourceVersionDate "2018.10.10"]
[SourceQuality "1"]
[WhiteTeam "Ljubljana KC"]
[BlackTeam "Stari Trg ob Kolpi"]
[WhiteTeamCountry "SLO"]
[BlackTeamCountry "SLO"]

1. f4 d5 2. Nf3 c5 3. g3 d4 4. Bg2 Nc6 5. 0-0 g6 6. b3 Bg7 7. Bb2 e5 8. e3 exf4 9. exf4 Nge7 10. Nh4 h5 11. h3 Be6 12. d3 Bf6 13. Nf3 Nd5 14. Qe2 Qd7 15. h4 0-0-0 16. Nbd2 Rhe8 17. Ne4 Bg4 18. Qf2 Be7 19. Ba3 b6 20. Ne5 Nxe5 21. fxe5 Ne3 22. Rfe1 Qe6 23. Bb2 Qf5 24. Rxe3 Qxf2+ 25. Kxf2 dxe3+ 26. Kxe3 Bf5 27. Kf4 Bf8 28. Bf3 Bxe4 29. Bxe4 Bh6+ 30. Kf3 Re7 31. Re1 Kc7 32. c4 Bg7 33. Bd5 Rde8 34. Kf4 Bh6+ 35. Kf3 f6 36. e6 Rf8 37. a3 g5 38. Re4 Kd8 39. Re2 Bg7 40. Bc1 Bh6 41. Kg2 Rg8 42. Rf2 gxh4 43. Bxh6 Rxg3+ 44. Kh2 Rg6 45. Bf8 Ke8 46. Bxe7 Kxe7 47. Rf3 Rg5 48. b4 Re5 49. Kh3 Re1 50. Kxh4 Rh1+ 51. Rh3 Ra1 52. Kxh5 Rxa3 53. bxc5 bxc5 54. Kg6 Ra1 55. Rh7+ 1-0

[Event "SLO-chT2 West"]
[Site "Ljubljana"]
[Date "2013.11.08"]
[Round "1.3"]
[White "Jelen, Ales"]
[Black "Kobe, Uros"]
[Result "0-1"]
[WhiteElo "1826"]
[BlackElo "2155"]
[PlyCount "84"]
[EventDate "2013.11.08"]
[EventType "team"]
[EventRounds "9"]
[EventCountry "SLO"]
[SourceTitle "EXT 2015"]
[Source "ChessBase"]
[SourceDate "2014.11.20"]
[SourceVersion "1"]
[SourceVersionDate "2014.11.20"]
[SourceQuality "1"]
[WhiteTeam "Lojz Kraigher"]
[BlackTeam "Stari Trg ob Kolpi"]
[WhiteTeamCountry "SLO"]
[BlackTeamCountry "SLO"]

1. e4 e6 2. d4 d5 3. exd5 exd5 4. Nf3 Bd6 5. Bd3 Bg4 6. 0-0 Nc6 7. c3 Qf6 8. Bg5 Bxf3 9. Bxf6 Bxd1 10. Bxg7 Bh5 11. Bxh8 f6 12. Bxh7 Kf7 13. Re1 Nge7 14. Bxf6 Kxf6 15. Bc2 Bf4 16. g3 Rg8 17. Kf1 Bh6 18. f4 Nf5 19. Kf2 Nfxd4 20. cxd4 Nxd4 21. Na3 Bf8 22. Bd1 Bg6 23. Rc1 c6 24. Bc2 Bxa3 25. Bxg6 Bxb2 26. Rb1 Ba3 27. Bd3 b5 28. Re5 a5 29. h4 a4 30. h5 Bc5 31. Kg2 Bd6 32. Rg5 Rxg5 33. fxg5+ Kxg5 34. Bg6 Ne2 35. Kf3 Nc3 36. Rb2 a3 37. Rc2 b4 38. g4 c5 39. Bf5 c4 40. Ke3 Be5 41. Be6 b3 42. Rxc3 Bxc3 0-1

[Event "SLO-chT2 West"]
[Site "Ljubljana"]
[Date "2012.10.21"]
[Round "4.3"]
[White "Kobe, Uros"]
[Black "Leonardi, Caterina"]
[Result "0-1"]
[WhiteElo "2192"]
[BlackElo "1868"]
[PlyCount "81"]
[EventDate "2012.10.19"]
[EventType "team-tourn"]
[EventRounds "9"]
[EventCountry "SLO"]
[SourceTitle "EXT 2022"]
[Source "ChessBase"]
[SourceDate "2021.10.06"]
[SourceVersion "1"]
[SourceVersionDate "2021.10.06"]
[SourceQuality "1"]
[WhiteTeam "Stari Trg ob Kolpi"]
[BlackTeam "Komenda SK II"]
[WhiteTeamCountry "SLO"]
[BlackTeamCountry "SLO"]

1. e4 e6 2. d4 d5 3. Nc3 dxe4 4. Nxe4 Bd7 5. Nf3 Bc6 6. Qd3 Nd7 7. Be2 Ngf6 8. Ng3 Be7 9. 0-0 Bxf3 10. Bxf3 c6 11. Rd1 0-0 12. b3 Nb6 13. Bb2 Qc7 14. c4 Rad8 15. Qe3 c5 16. Rd3 cxd4 17. Bxd4 Nbd7 18. Rad1 e5 19. Nf5 Rfe8 20. Qg5 g6 21. Bb2 Bf8 22. Nd6 Bxd6 23. Rxd6 Kg7 24. h4 h6 25. Qd2 Re7 26. g4 Ne8 27. Rd3 f6 28. Ba3 Rf7 29. Bd5 e4 30. Bxf7 exd3 31. Qxd3 Kxf7 32. Qd5+ Kg7 33. Be7 Rc8 34. Qe6 Ne5 35. Rd5 b6 36. g5 hxg5 37. hxg5 Nf3+ 38. Kg2 Nxg5 39. Qg4 Nf7 40. Rd7 Qc6+ 41. f3 0-1

[Event "SLO-chT2 West"]
[Site "Ljubljana"]
[Date "2012.10.21"]
[Round "5.3"]
[White "Kodela, Marko"]
[Black "Kobe, Uros"]
[Result "1-0"]
[WhiteElo "1983"]
[BlackElo "2192"]
[PlyCount "75"]
[EventDate "2012.10.19"]
[EventType "team-tourn"]
[EventRounds "9"]
[EventCountry "SLO"]
[SourceTitle "EXT 2022"]
[Source "ChessBase"]
[SourceDate "2021.10.06"]
[SourceVersion "1"]
[SourceVersionDate "2021.10.06"]
[SourceQuality "1"]
[WhiteTeam "Ljubljana Lojz Kraigher"]
[BlackTeam "Stari Trg ob Kolpi"]
[WhiteTeamCountry "SLO"]
[BlackTeamCountry "SLO"]

1. c4 Nf6 2. Nc3 d5 3. cxd5 Nxd5 4. g3 g6 5. Bg2 c6 6. d4 Bg7 7. e4 Nb6 8. Nge2 0-0 9. 0-0 e5 10. dxe5 Bxe5 11. Bh6 Qxd1 12. Rfxd1 Re8 13. Bf4 Bg7 14. b3 f5 15. Rac1 Na6 16. Nd4 Nc5 17. exf5 Bxd4 18. Rxd4 Bxf5 19. h3 Ne6 20. Rd2 Nxf4 21. gxf4 Re7 22. Rcd1 Rae8 23. Kh2 Nd7 24. Bf3 Nf6 25. Kg3 Kf7 26. Rd8 Rxd8 27. Rxd8 Ne4+ 28. Bxe4 Bxe4 29. Rd2 Bf5 30. Nd1 Rd7 31. Rxd7+ Bxd7 32. Ne3 Be6 33. h4 b5 34. Kf3 Bd5+ 35. Ke2 a5 36. Kd3 Kg7 37. f5 Kh6 38. Nxd5 1-0

[Event "SLO-chT2 West"]
[Site "Ljubljana"]
[Date "2012.10.20"]
[Round "2.3"]
[White "Kocevar, Tugomir"]
[Black "Kobe, Uros"]
[Result "0-1"]
[WhiteElo "1986"]
[BlackElo "2192"]
[PlyCount "88"]
[EventDate "2012.10.19"]
[EventType "team-tourn"]
[EventRounds "9"]
[EventCountry "SLO"]
[SourceTitle "EXT 2022"]
[Source "ChessBase"]
[SourceDate "2021.10.06"]
[SourceVersion "1"]
[SourceVersionDate "2021.10.06"]
[SourceQuality "1"]
[WhiteTeam "Radovljica"]
[BlackTeam "Stari Trg ob Kolpi"]
[WhiteTeamCountry "SLO"]
[BlackTeamCountry "SLO"]

1. e4 e6 2. Nc3 d5 3. Nf3 d4 4. Ne2 Nf6 5. Ng3 c5 6. Bb5+ Bd7 7. Bxd7+ Nbxd7 8. d3 Bd6 9. Qe2 Qc7 10. b3 h6 11. a4 g5 12. 0-0 0-0-0 13. Bb2 g4 14. Nd2 h5 15. Rfc1 h4 16. Ngf1 Nh5 17. Nc4 Bf4 18. Re1 Rdg8 19. c3 Bxh2+ 20. Nxh2 Nf4 21. Qc2 g3 22. fxg3 Rxg3 23. Nf1 Rxg2+ 24. Qxg2 Nxg2 25. Kxg2 Qf4 26. Nh2 Qg3+ 27. Kh1 h3 28. Rg1 Qxd3 29. Nd6+ Kc7 30. cxd4 Kxd6 31. dxc5+ Kc7 32. Bxh8 Qxe4+ 33. Nf3 Qxf3+ 34. Kh2 Qe2+ 35. Kh1 Nxc5 36. Rac1 Kd6 37. Bg7 Nd3 38. Bf8+ Kd5 39. Rcd1 Ke4 40. Bc5 f5 41. Bxa7 f4 42. a5 h2 43. Rgf1 f3 44. b4 Qg2# 0-1

[Event "SLO-chT2 West"]
[Site "Kranj"]
[Date "2008.10.18"]
[Round "6.2"]
[White "Ule, Evald"]
[Black "Kobe, Uros"]
[Result "1-0"]
[WhiteElo "2230"]
[BlackElo "2186"]
[PlyCount "73"]
[EventDate "2008.10.11"]
[EventType "team-swiss"]
[EventRounds "9"]
[EventCountry "SLO"]
[SourceTitle "EXT 2010"]
[Source "ChessBase"]
[SourceDate "2010.11.25"]
[SourceVersion "1"]
[SourceVersionDate "2010.11.25"]
[SourceQuality "1"]
[WhiteTeam "Podpec"]
[BlackTeam "Stari Trg ob Kolpi"]
[WhiteTeamCountry "SLO"]
[BlackTeamCountry "SLO"]

1. d4 Nf6 2. c4 g6 3. Nc3 d5 4. cxd5 Nxd5 5. e4 Nxc3 6. bxc3 Bg7 7. Bc4 0-0 8. Ne2 c5 9. 0-0 Qa5 10. Be3 Nc6 11. Bd5 Rd8 12. a4 e6 13. Bxc6 bxc6 14. Qc2 Ba6 15. Rfe1 Bxe2 16. Rxe2 cxd4 17. cxd4 c5 18. Bd2 Qc7 19. Bg5 Rd7 20. Rc1 Bxd4 21. g3 Rb8 22. Bf4 e5 23. Bh6 Qc6 24. Qc4 Qf6 25. h4 Rb4 26. Qa2 Qf3 27. Kh2 Qb3 28. Qd2 f6 29. Rxc5 Qxa4 30. Rc8+ Kf7 31. Qd3 Rb3 32. Qc2 Ra3 33. Rf8+ Ke6 34. Re8+ Re7 35. Qc8+ Qd7 36. Qc4+ Kd6 37. Rc8 1-0

[Event "Ljubljana op 15th"]
[Site "Ljubljana"]
[Date "2004.07.16"]
[Round "9"]
[White "Gruskovnjak, Tomislav"]
[Black "Kobe, Uros"]
[Result "1-0"]
[WhiteElo "2315"]
[BlackElo "2163"]
[PlyCount "65"]
[EventDate "2004.07.10"]
[EventType "swiss"]
[EventRounds "9"]
[EventCountry "SLO"]
[SourceTitle "CBM 101 Extra"]
[Source "ChessBase"]
[SourceDate "2004.09.01"]
[SourceVersion "2"]
[SourceVersionDate "2004.09.01"]
[SourceQuality "1"]

1. e4 e6 2. d4 d5 3. Nd2 c5 4. exd5 exd5 5. Ngf3 Nc6 6. Bb5 Bd6 7. dxc5 Bxc5 8. 0-0 Nge7 9. Nb3 Bd6 10. Bg5 0-0 11. Bh4 Bg4 12. Bg3 Re8 13. Re1 Bxg3 14. hxg3 Qb6 15. a4 a6 16. Bxc6 Bxf3 17. Qxf3 Qxc6 18. Nd4 Qc4 19. Qe3 Ng6 20. Qxe8+ Rxe8 21. Rxe8+ Nf8 22. c3 g6 23. Re7 Qc8 24. Rae1 Kg7 25. Re8 Qd7 26. a5 h6 27. R8e7 Qc8 28. R1e3 Nd7 29. Rf3 Nf6 30. Ne6+ Qxe6 31. Rxe6 fxe6 32. c4 Kf7 33. Rb3 1-0

[Event "SLO-chT2W"]
[Site "Bled"]
[Date "2003.11.15"]
[Round "7"]
[White "Milic, Ivica"]
[Black "Kobe, Uros"]
[Result "1/2-1/2"]
[WhiteElo "2103"]
[BlackElo "2166"]
[PlyCount "25"]
[EventDate "2003.11.07"]
[EventType "team"]
[EventRounds "8"]
[EventCountry "SLO"]
[SourceTitle "EXT 2005"]
[Source "ChessBase"]
[SourceDate "2004.11.15"]
[SourceVersion "1"]
[SourceVersionDate "2004.11.15"]
[SourceQuality "1"]

1. e4 e6 2. d4 d5 3. Nc3 Bb4 4. e5 c5 5. a3 Bxc3+ 6. bxc3 Ne7 7. Nf3 Qa5 8. Bd2 c4 9. g3 0-0 10. Bh3 Nbc6 11. 0-0 f6 12. Re1 f5 13. Qc1 1/2-1/2

[Event "SLO-chT2W"]
[Site "Bled"]
[Date "2003.11.09"]
[Round "2"]
[White "Kobe, Uros"]
[Black "Marinsek, Tomaz"]
[Result "0-1"]
[WhiteElo "2166"]
[BlackElo "2214"]
[PlyCount "52"]
[EventDate "2003.11.07"]
[EventType "team"]
[EventRounds "8"]
[EventCountry "SLO"]
[SourceTitle "EXT 2005"]
[Source "ChessBase"]
[SourceDate "2004.11.15"]
[SourceVersion "1"]
[SourceVersionDate "2004.11.15"]
[SourceQuality "1"]

1. e4 d5 2. exd5 Qxd5 3. Nc3 Qa5 4. d4 c6 5. Nf3 Nf6 6. Be2 Bf5 7. 0-0 e6 8. Nh4 Bg6 9. Bf4 Be7 10. Bf3 0-0 11. Nxg6 hxg6 12. Qd2 Qd8 13. Ne2 Bd6 14. c4 Bxf4 15. Nxf4 c5 16. Nh3 Qxd4 17. Qxd4 cxd4 18. Rfd1 Rd8 19. Rd2 Rd7 20. c5 Na6 21. Re1 Re8 22. Nf4 Nxc5 23. Kf1 Nce4 24. Bxe4 Nxe4 25. Rd3 Ng5 26. Red1 Red8 0-1

[Event "SLO-chT2W"]
[Site "Slovenia"]
[Date "2002.11.23"]
[Round "3.1"]
[White "Kobe, Uros"]
[Black "Srebrnic, Vojko"]
[Result "0-1"]
[WhiteElo "2142"]
[BlackElo "2251"]
[PlyCount "90"]
[EventDate "2002.11.22"]
[EventType "team"]
[EventRounds "7"]
[EventCountry "SLO"]
[SourceTitle "EXT 2005"]
[Source "ChessBase"]
[SourceDate "2004.11.15"]
[SourceVersion "1"]
[SourceVersionDate "2004.11.15"]
[SourceQuality "1"]

1. e4 e5 2. Nf3 Nc6 3. Bb5 f5 4. Nc3 fxe4 5. Nxe4 Nf6 6. Qe2 Qe7 7. Nxf6+ gxf6 8. d4 Nxd4 9. Nxd4 exd4 10. 0-0 Qxe2 11. Bxe2 d6 12. Re1 Kd8 13. Bf3 c6 14. Bf4 Bf5 15. Rad1 d3 16. cxd3 Kd7 17. Bh5 Bg6 18. Bg4+ f5 19. Bh3 Bg7 20. Re3 Rae8 21. Kf1 Bd4 22. Re4 c5 23. b3 Kc6 24. Rxe8 Rxe8 25. Re1 Rxe1+ 26. Kxe1 Be5 27. Bxe5 dxe5 28. Kd2 Kd5 29. g3 Kd4 30. f3 f4 31. gxf4 exf4 32. Bc8 b5 33. Ba6 b4 34. Bb5 Bf7 35. Bd7 h6 36. Bf5 Be8 37. Be4 a5 38. Bf5 a4 39. bxa4 Bxa4 40. Be4 Bd7 41. Kc2 Bh3 42. Kb3 Bf1 43. Kc2 Ke3 44. h4 Be2 45. a3 bxa3 0-1